000
00194 a2200097 4500
001
3575
100
_a
M.I.T
245
_a
Principles of radar
260
_a
_b
Mcgrawhill
_c
090
_c
2839
_d
2839
942
_a
NUST-CAE
_c
M
_c
20435
999
_c
238648
_d
238648